Normal view
MARC view
Entry Personal Name
001 - CONTROL NUMBER
- control field: 59736
003 - CONTROL NUMBER IDENTIFIER
- control field: dpl
005 - DATE AND TIME OF LATEST TRANSACTION
- control field: 20231211145847.0
008 - FIXED-LENGTH DATA ELEMENTS
- fixed length control field: 231211|| aca||aabn | a|a d
040 ## - CATALOGING SOURCE
- Original cataloging agency: dpl
- Transcribing agency: dpl
100 ## - HEADING--PERSONAL NAME
- Personal name: भारती,डॉ. प्रणव
670 ## - SOURCE DATA FOUND
- Source citation: Work cat.: (dpl)199557: भारती,डॉ. प्रणव, दास्तान-ए-दर्द; नवलीकाए /, 2022
